000 00215nam a2200085Ia 4500
008 120527s9999 xx 000 0 und d
100 _aAYENI,R.O
245 _aIntroductory to University Mathematics vol 2.
942 _cBK
999 _c23480
_d23480